00330nam a2200133Ia 45000030006000000080041000060400015000471000036000622450039000982500010001372600020001475460012001670050017001790STCL150530s9999 xx 000 0 und d aSTCLcSTCL aMarlowe; Bhaskara Menon, C.; Ed aTragical history of Doctor Faustus aFirst bMacmillanc1980 aEnglish20220125171008.0